[Event "Reykjavik TR CC-B"]
[Site "Reykjavik"]
[Date "2018.09.23"]
[Round "6"]
[White "Briem, Stephan"]
[Black "Antonsson, Atli"]
[Result "1-0"]
[WhiteElo "1967"]
[BlackElo "1843"]
[PlyCount "32"]
[EventDate "2018.09.09"]
[EventType "tourn"]
[EventRounds "7"]
[EventCountry "ISL"]
[SourceTitle "CBM 187 Extra"]
[Source "ChessBase"]
[SourceDate "2018.11.04"]
[SourceVersion "1"]
[SourceVersionDate "2018.11.04"]
[SourceQuality "1"]

1. b3 f5 2. Nf3 Nf6 3. g3 b6 4. Bg2 Bb7 5. c4 d6 6. d4 e6 7. 0-0 g6 8. Bb2 Bg7 9. Ng5 Bxg2 10. Nxe6 Qe7 11. Nxg7+ Qxg7 12. Kxg2 Nbd7 13. Nc3 h5 14. Qd3 0-0-0 15. c5 Kb7 16. c6+ Kxc6 1-0

[Event "Reykjavik TR CC-B"]
[Site "Reykjavik"]
[Date "2018.09.19"]
[Round "4"]
[White "Antonsson, Atli"]
[Black "Bjornsson, Eirikur K"]
[Result "1/2-1/2"]
[WhiteElo "1843"]
[BlackElo "1958"]
[PlyCount "25"]
[EventDate "2018.09.09"]
[EventType "tourn"]
[EventRounds "7"]
[EventCountry "ISL"]
[SourceTitle "CBM 187 Extra"]
[Source "ChessBase"]
[SourceDate "2018.11.04"]
[SourceVersion "1"]
[SourceVersionDate "2018.11.04"]
[SourceQuality "1"]

1. e4 d5 2. exd5 Nf6 3. Bb5+ Bd7 4. Be2 Bf5 5. c4 c6 6. dxc6 Nxc6 7. Nf3 e5 8. 0-0 Bc5 9. a3 a5 10. Nc3 0-0 11. d3 h6 12. Be3 Qe7 13. Qb3 1/2-1/2

[Event "Reykjavik TR CC-B"]
[Site "Reykjavik"]
[Date "2018.09.16"]
[Round "3"]
[White "Briem, Benedikt"]
[Black "Antonsson, Atli"]
[Result "1/2-1/2"]
[WhiteElo "1745"]
[BlackElo "1843"]
[PlyCount "32"]
[EventDate "2018.09.09"]
[EventType "tourn"]
[EventRounds "7"]
[EventCountry "ISL"]
[SourceTitle "CBM 187 Extra"]
[Source "ChessBase"]
[SourceDate "2018.11.04"]
[SourceVersion "1"]
[SourceVersionDate "2018.11.04"]
[SourceQuality "1"]

1. d4 d5 2. Bf4 e6 3. e3 f5 4. Nf3 Nf6 5. c4 c6 6. Be2 Bb4+ 7. Nbd2 0-0 8. a3 Be7 9. h3 Ne4 10. Nxe4 fxe4 11. Ne5 Nd7 12. Nxd7 Bxd7 13. Be5 Bf6 14. Bd6 Be7 15. Be5 Bf6 16. Bd6 Be7 1/2-1/2

[Event "Belgrade Trophy 30th"]
[Site "Belgrade"]
[Date "2016.11.26"]
[Round "3"]
[White "Pastar, Slaven"]
[Black "Antonsson, Atli"]
[Result "1-0"]
[WhiteElo "2195"]
[BlackElo "1853"]
[PlyCount "57"]
[EventDate "2016.11.24"]
[EventType "swiss"]
[EventRounds "9"]
[EventCountry "SRB"]
[SourceTitle "CBM 175 Extra"]
[Source "ChessBase"]
[SourceDate "2016.12.12"]
[SourceVersion "1"]
[SourceVersionDate "2016.12.12"]
[SourceQuality "1"]

1. e4 e6 2. d4 d5 3. Nc3 Nf6 4. Bg5 Bb4 5. e5 h6 6. Bh4 g5 7. Bg3 Ne4 8. Nge2 c5 9. a3 Ba5 10. dxc5 Bxc3+ 11. Nxc3 Nxc3 12. bxc3 Qa5 13. Qd2 Qxc5 14. Bd3 Nc6 15. Rb1 Qxa3 16. 0-0 Qe7 17. f4 b6 18. fxg5 hxg5 19. Rf6 Rg8 20. Rbf1 Rg7 21. h4 gxh4 22. Qh6 Rxg3 23. Qh8+ Qf8 24. Qxf8+ Kxf8 25. Rxf7+ Kg8 26. Rf8+ Kg7 27. R1f7+ Kh6 28. Rh8+ Kg5 29. Rg8+ 1-0

[Event "Reykjavik op"]
[Site "Reykjavik"]
[Date "2012.03.13"]
[Round "9"]
[White "Antonsson, Atli"]
[Black "Edvardsen, Ragnar"]
[Result "0-1"]
[WhiteElo "1849"]
[BlackElo "2045"]
[PlyCount "75"]
[EventDate "2012.03.06"]
[EventType "swiss"]
[EventRounds "9"]
[EventCountry "ISL"]
[SourceTitle "CBM 147 Extra"]
[Source "ChessBase"]
[SourceDate "2012.04.24"]
[SourceVersion "1"]
[SourceVersionDate "2012.04.24"]
[SourceQuality "1"]

1. e4 c5 2. Nf3 Nc6 3. d4 cxd4 4. Nxd4 Nf6 5. Nc3 e5 6. Ndb5 d6 7. Bg5 a6 8. Na3 b5 9. Nd5 Be7 10. Bxf6 Bxf6 11. c3 Bg5 12. Nc2 Be6 13. a4 Rb8 14. axb5 axb5 15. Ncb4 Nxb4 16. Nxb4 Rb6 17. Nd5 Rb7 18. h4 Be7 19. Ra6 0-0 20. Nxe7+ Qxe7 21. Rxd6 Qc7 22. Be2 b4 23. Rd3 bxc3 24. Rxc3 Qa5 25. Qd2 Qa1+ 26. Rc1 Qxb2 27. Qxb2 Rxb2 28. Bf3 Rd8 29. 0-0 Kf8 30. Rfd1 Rxd1+ 31. Bxd1 Ke7 32. Bf3 g6 33. g3 h6 34. Kg2 Rb4 35. Re1 h5 36. Ra1 Kd6 37. Re1 Kc5 38. Rc1+ 0-1

[Event "Reykjavik op"]
[Site "Reykjavik"]
[Date "2012.03.08"]
[Round "3"]
[White "Einarsson, Oskar Long"]
[Black "Antonsson, Atli"]
[Result "0-1"]
[WhiteElo "1618"]
[BlackElo "1849"]
[PlyCount "46"]
[EventDate "2012.03.06"]
[EventType "swiss"]
[EventRounds "9"]
[EventCountry "ISL"]
[SourceTitle "CBM 147 Extra"]
[Source "ChessBase"]
[SourceDate "2012.04.24"]
[SourceVersion "1"]
[SourceVersionDate "2012.04.24"]
[SourceQuality "1"]

1. e4 d6 2. d4 Nf6 3. Nc3 g6 4. Be2 Bg7 5. Nf3 0-0 6. 0-0 c6 7. Bg5 h6 8. Be3 Ng4 9. Bf4 Qa5 10. h3 Nf6 11. e5 Ne8 12. Re1 g5 13. Be3 g4 14. hxg4 Bxg4 15. Nh4 Bxe2 16. Qxe2 dxe5 17. Nf5 exd4 18. Nxg7 Nxg7 19. Bxd4 e6 20. Rad1 Qh5 21. Qe3 c5 22. Bxc5 Nf5 23. Qe5 Nc6 0-1

[Event "Reykjavik op"]
[Site "Reykjavik"]
[Date "2012.03.07"]
[Round "2"]
[White "Antonsson, Atli"]
[Black "Cummings, David H"]
[Result "0-1"]
[WhiteElo "1849"]
[BlackElo "2341"]
[PlyCount "56"]
[EventDate "2012.03.06"]
[EventType "swiss"]
[EventRounds "9"]
[EventCountry "ISL"]
[SourceTitle "CBM 147 Extra"]
[Source "ChessBase"]
[SourceDate "2012.04.24"]
[SourceVersion "1"]
[SourceVersionDate "2012.04.24"]
[SourceQuality "1"]

1. d4 d5 2. c4 e6 3. Nc3 Be7 4. cxd5 exd5 5. Bf4 Nf6 6. Qc2 Nc6 7. e3 Nb4 8. Qb1 g6 9. Qd1 Bf5 10. Rc1 c5 11. Be5 0-0 12. a3 Nc6 13. dxc5 Nxe5 14. b4 a5 15. Be2 axb4 16. axb4 b6 17. f4 Nc4 18. Qd4 bxc5 19. bxc5 Rc8 20. Nxd5 Qxd5 21. Rxc4 Qxg2 22. Bf3 Qa2 23. Ne2 Rfd8 24. Qc3 Bd3 25. Rd4 Bxe2 26. Bxe2 Ne4 27. Qd3 Bh4+ 28. Kf1 Nf2 0-1

[Event "Brno Duras op-A"]
[Site "Brno"]
[Date "2011.06.30"]
[Round "7"]
[White "Dvorak, Adam"]
[Black "Antonsson, Atli"]
[Result "1-0"]
[WhiteElo "1924"]
[BlackElo "1851"]
[PlyCount "41"]
[EventDate "2011.06.25"]
[EventType "swiss"]
[EventRounds "9"]
[EventCountry "CZE"]
[SourceTitle "CBM 143 Extra"]
[Source "ChessBase"]
[SourceDate "2011.08.29"]
[SourceVersion "1"]
[SourceVersionDate "2011.08.29"]
[SourceQuality "1"]

1. d4 e6 2. c4 f5 3. Nf3 Nf6 4. g3 d5 5. Bg2 c6 6. 0-0 Bd6 7. Nc3 0-0 8. b3 Nbd7 9. Bb2 Ne4 10. e3 Rf6 11. Ne5 Rh6 12. Nxe4 fxe4 13. f3 Bxe5 14. dxe5 Qg5 15. f4 Qg6 16. cxd5 exd5 17. f5 Qg5 18. f6 Qxe3+ 19. Kh1 Qxg3 20. Qxd5+ cxd5 21. f7+ 1-0

[Event "Brno Duras op-A"]
[Site "Brno"]
[Date "2011.06.28"]
[Round "5"]
[White "Antonsson, Atli"]
[Black "Petruska, Miroslav"]
[Result "1-0"]
[WhiteElo "1851"]
[BlackElo "1974"]
[PlyCount "93"]
[EventDate "2011.06.25"]
[EventType "swiss"]
[EventRounds "9"]
[EventCountry "CZE"]
[SourceTitle "CBM 143 Extra"]
[Source "ChessBase"]
[SourceDate "2011.08.29"]
[SourceVersion "1"]
[SourceVersionDate "2011.08.29"]
[SourceQuality "1"]

1. d4 f5 2. Nc3 Nf6 3. Bg5 e6 4. e4 h6 5. Bxf6 Qxf6 6. exf5 exf5 7. Nf3 Bb4 8. Qd3 Bxc3+ 9. Qxc3 Qe6+ 10. Be2 0-0 11. d5 Qe4 12. Kf1 b6 13. Nd2 Qxd5 14. Bf3 Qb5+ 15. Kg1 c6 16. Re1 Qc5 17. Qb3+ Kh7 18. h4 b5 19. Qd3 Kh8 20. Nb3 Qc4 21. Qd6 Qg8 22. Bh5 Rf6 23. Qf4 Re6 24. Kh2 d5 25. Nc5 Rxe1 26. Rxe1 Nd7 27. Re8 Nxc5 28. Rxg8+ Kxg8 29. Qd6 Ne6 30. Qxc6 Rb8 31. Bg6 Nf8 32. Qc7 Nxg6 33. Qxb8 Ne7 34. Qxa7 Kf7 35. a4 bxa4 36. Qxa4 Ke6 37. b4 g5 38. hxg5 hxg5 39. b5 f4 40. b6 Nf5 41. Qc6+ Nd6 42. Qxc8+ Nxc8 43. b7 Nd6 44. b8Q Ne4 45. f3 Nf6 46. Qc8+ Kf7 47. Qf5 1-0

[Event "Brno Duras op-A"]
[Site "Brno"]
[Date "2011.06.25"]
[Round "1"]
[White "Cip, Dalibor"]
[Black "Antonsson, Atli"]
[Result "1-0"]
[WhiteElo "2137"]
[BlackElo "1851"]
[PlyCount "85"]
[EventDate "2011.06.25"]
[EventType "swiss"]
[EventRounds "9"]
[EventCountry "CZE"]
[SourceTitle "CBM 143 Extra"]
[Source "ChessBase"]
[SourceDate "2011.08.29"]
[SourceVersion "1"]
[SourceVersionDate "2011.08.29"]
[SourceQuality "1"]

1. Nf3 e6 2. c4 f5 3. g3 Nf6 4. Bg2 d5 5. 0-0 Bd6 6. Nc3 c6 7. d3 0-0 8. e4 d4 9. Nxd4 Bxg3 10. hxg3 Qxd4 11. Be3 Qd8 12. e5 Ng4 13. Bc5 Rf7 14. Qe2 Nd7 15. Bd6 Qg5 16. f4 Qh6 17. Bf3 Qh3 18. Qg2 Qh6 19. Bxg4 fxg4 20. Ne4 Rf5 21. Nf2 Qg6 22. Qh1 Nf8 23. Qh4 h5 24. Ne4 Nh7 25. Qd8+ Nf8 26. Bxf8 Rxf8 27. Qg5 Qh7 28. Nf6+ Rxf6 29. exf6 Kf7 30. fxg7 Qxg7 31. Qxh5+ Kg8 32. Qe5 Bd7 33. Qxg7+ Kxg7 34. Rae1 Rh8 35. c5 b6 36. f5 e5 37. Rxe5 Kf6 38. d4 bxc5 39. Rxc5 Rb8 40. b3 Re8 41. Rf4 Re1+ 42. Kf2 Rd1 43. Ra5 1-0

[Event "Reykjavik op"]
[Site "Reykjavik"]
[Date "2011.03.11"]
[Round "3.78"]
[White "Antonsson, Atli"]
[Black "Sigurdsson, Birkir Karl"]
[Result "1-0"]
[WhiteElo "1830"]
[BlackElo "1481"]
[PlyCount "93"]
[EventDate "2011.03.09"]
[EventType "swiss"]
[EventRounds "9"]
[EventCountry "ISL"]
[SourceTitle "CBM 141 Extra"]
[Source "ChessBase"]
[SourceDate "2011.05.03"]
[SourceVersion "1"]
[SourceVersionDate "2011.05.03"]
[SourceQuality "1"]

1. d4 Nf6 2. e3 e6 3. f4 c5 4. c3 cxd4 5. exd4 b6 6. Qf3 Nc6 7. Bd3 Bb7 8. Qg3 Ne7 9. Nf3 Ng6 10. 0-0 Be7 11. f5 exf5 12. Bxf5 0-0 13. h4 Nh5 14. Qg4 Nf6 15. Qh3 Nh5 16. Ng5 h6 17. Nf3 Nxh4 18. Nxh4 Bxh4 19. Qg4 Ng3 20. Bxh6 Nxf5 21. Rxf5 Bf6 22. Bxg7 Bxg7 23. Rg5 Qf6 24. Nd2 Rfe8 25. Rf1 Qh6 26. Nc4 Re2 27. Rxg7+ Qxg7 28. Qxe2 Ba6 29. Qe4 Rd8 30. Qe7 Rc8 31. Rf5 f6 32. Qxg7+ Kxg7 33. Nd6 Rc6 34. Ne4 Re6 35. Ng3 Kg6 36. Kf2 d6 37. Rf4 Bb7 38. Rg4+ Kh7 39. Nf5 Bd5 40. Rg7+ Kh8 41. Rxa7 Bc4 42. Ne3 Bd3 43. d5 Re5 44. Rb7 f5 45. g3 f4 46. gxf4 Rh5 47. Kg3 1-0

[Event "ISL-chB"]
[Site "Mosfellsbaer"]
[Date "2010.04.08"]
[Round "7"]
[White "Johannesson, Oliver Aron"]
[Black "Antonsson, Atli"]
[Result "1-0"]
[WhiteElo "1531"]
[BlackElo "1720"]
[PlyCount "95"]
[EventDate "2010.03.31"]
[EventType "swiss"]
[EventRounds "9"]
[EventCountry "ISL"]
[SourceTitle "EXT 2014"]
[Source "ChessBase"]
[SourceDate "2013.11.20"]
[SourceVersion "1"]
[SourceVersionDate "2013.11.20"]
[SourceQuality "1"]

1. e4 e6 2. Nf3 d5 3. Nc3 c5 4. exd5 exd5 5. Bb5+ Nc6 6. d4 a6 7. Bxc6+ bxc6 8. 0-0 Bd6 9. Re1+ Ne7 10. Na4 cxd4 11. Qxd4 0-0 12. b3 Nf5 13. Qc3 Qc7 14. Kh1 a5 15. a3 c5 16. Bd2 d4 17. Qd3 Ne7 18. Ng5 Bf5 19. Ne4 Bg6 20. Qf3 c4 21. Nxd6 Qxd6 22. Bf4 Qf6 23. bxc4 Bxc2 24. Qg3 Nf5 25. Qg4 Bxa4 26. Re5 Bc2 27. Rae1 Qg6 28. Qf3 a4 29. Qxa8 f6 30. Qd5+ Kh8 31. Re6 h5 32. c5 Bb3 33. Qc6 Bxe6 34. Qxe6 Nh4 35. Bg3 Nf5 36. c6 Nxg3+ 37. hxg3 Qf7 38. Qd7 Kh7 39. Re7 Qg8 40. Qxd4 Qb3 41. Qd7 Rg8 42. c7 Qxa3 43. c8Q Rxc8 44. Rxg7+ Kh6 45. Rh7+ Kg6 46. Qf7+ Kf5 47. Rxh5+ Ke4 48. Qd5# 1-0

[Event "Reykjavik op"]
[Site "Reykjavik"]
[Date "2010.03.02"]
[Round "8"]
[White "Kjartansson, Dagur"]
[Black "Antonsson, Atli"]
[Result "0-1"]
[WhiteElo "1485"]
[BlackElo "1716"]
[PlyCount "88"]
[EventDate "2010.02.24"]
[EventType "swiss"]
[EventRounds "9"]
[EventCountry "ISL"]
[SourceTitle "CBM 135 Extra"]
[Source "ChessBase"]
[SourceDate "2010.05.04"]
[SourceVersion "1"]
[SourceVersionDate "2010.05.04"]
[SourceQuality "1"]

1. c4 e6 2. Nc3 f5 3. d4 c6 4. Nf3 d5 5. cxd5 exd5 6. Bf4 Nf6 7. g3 Be7 8. Bg2 0-0 9. 0-0 Ne4 10. Nd2 g5 11. Bxb8 Rxb8 12. f3 Nxc3 13. bxc3 f4 14. g4 Bf6 15. Nb3 Qe7 16. Qd3 Re8 17. Rfe1 Qe3+ 18. Kf1 b6 19. c4 Ba6 20. Qxe3 Rxe3 21. cxd5 cxd5 22. Kf2 Bc4 23. Bf1 a5 24. Rab1 a4 25. Nc1 Bxd4 26. Kg2 Rbe8 27. Rd1 Bc5 28. h4 h6 29. hxg5 hxg5 30. Rb2 b5 31. Nd3 Ba3 32. Rc2 b4 33. Kf2 b3 34. Rc3 Bf8 35. axb3 axb3 36. Rdc1 Bg7 37. Rxc4 dxc4 38. Rxc4 Rb8 39. Rc1 b2 40. Nxb2 Bxb2 41. Rc5 Re5 42. Rc4 Ba3 43. Rc3 Bc5+ 44. Kg2 Be3 0-1

[Event "Reykjavik op"]
[Site "Reykjavik"]
[Date "2010.02.25"]
[Round "2"]
[White "Antonsson, Atli"]
[Black "Bromann, Thorbjorn"]
[Result "0-1"]
[WhiteElo "1716"]
[BlackElo "2434"]
[PlyCount "104"]
[EventDate "2010.02.24"]
[EventType "swiss"]
[EventRounds "9"]
[EventCountry "ISL"]
[SourceTitle "CBM 135 Extra"]
[Source "ChessBase"]
[SourceDate "2010.05.04"]
[SourceVersion "1"]
[SourceVersionDate "2010.05.04"]
[SourceQuality "1"]

1. d4 d5 2. c4 Nc6 3. Nf3 Bg4 4. Nc3 e6 5. Bg5 f6 6. cxd5 exd5 7. Bf4 Bb4 8. Rc1 Nge7 9. e3 Qd7 10. Qb3 Bxf3 11. gxf3 0-0 12. h4 Kh8 13. Bh3 f5 14. h5 h6 15. a3 Bd6 16. Ne2 Rab8 17. Rg1 Rf6 18. Qc3 Qe6 19. Bxd6 Qxd6 20. Nf4 Rc8 21. Qb3 Nxd4 22. Qd1 Ne6 23. Nxe6 Rxe6 24. Qd4 Qe5 25. Qxe5 Rxe5 26. f4 Re6 27. Bg2 c6 28. Kd2 Ng8 29. Bh3 Ne7 30. Rg3 Rf8 31. b4 d4 32. exd4 Nd5 33. Bg2 Nxf4 34. Bf3 Rd8 35. Kc3 Re2 36. Rcg1 Rxf2 37. Bd1 Rd7 38. Rf3 Nd5+ 39. Kd3 Rxf3+ 40. Bxf3 Kg8 41. Bd1 Re7 42. Bb3 Re3+ 43. Kc2 Kf7 44. b5 f4 45. bxc6 bxc6 46. Rf1 f3 47. a4 Kf6 48. Bxd5 cxd5 49. Kd2 Ra3 50. a5 Kf5 51. Rg1 f2 52. Rxg7 Rf3 0-1